| 000 | 00642nam a2200229 a 4500 | ||
|---|---|---|---|
| 001 | 1330 | ||
| 003 | CDMR | ||
| 005 | 20260515062531.0 | ||
| 008 | 130130s1982||||||||||||||||||||||||||||d | ||
| 020 | _a8436801830 | ||
| 040 |
_aCDMR _bcat _cCDMR |
||
| 100 | 1 |
_aBenito, Ángel _9631 |
|
| 245 | 1 | 0 |
_aFundamentos de teoría general de la información _cÁngel Benito |
| 250 | _a[2a ed.] | ||
| 260 |
_aMadrid _c1982 _bPirámide |
||
| 300 | _a359 p. | ||
| 490 | 0 | _aMedios (Pirámide) | |
| 650 | 0 | 4 |
_94289 _aComunicació _xAspectes socials |
| 650 | 0 | 4 |
_9320 _aCiències de la informació |
| 650 | 0 | 4 |
_9637 _aComunicació _xEnsenyament |
| 942 |
_cMON _2udc |
||
| 999 |
_c1330 _d1330 |
||